[Event "XV Open"]
[Site "Crema ITA"]
[Date "2013.08.30"]
[Round "2"]
[White "Bini, Massimo"]
[Black "Corso, Gabriele"]
[WhiteElo "2036"]
[BlackElo "1789"]
[Result "1-0"]
[PlyCount "53"]
[EventDate "2013.08.30"]

1. d4 d5 2. Bf4 Bf5 3. e3 e6 4. c4 c6 5. Qb3 Qb6 6. c5 Qxb3 7. axb3 Nd7 8. Nf3
f6 9. b4 Ne7 10. Nc3 g5 11. Bg3 h6 12. b5 Bg7 13. bxc6 bxc6 14. Bd6 Nc8 15. Bc7
e5 16. Ba6 Kf7 17. Bb7 Ne7 18. Bxa8 Rxa8 19. O-O a6 20. b4 Rc8 21. Bd6 Nb8 22.
Rfd1 Bg4 23. Rdb1 Bf5 24. Rb2 Bd3 25. Rd1 Bc4 26. dxe5 fxe5 27. Bxe5 1-0

[Event "XV Open"]
[Site "Crema ITA"]
[Date "2013.08.30"]
[Round "2"]
[White "Bonade', Massimo"]
[Black "Tahiraj, Almir"]
[WhiteElo "2100"]
[BlackElo "1831"]
[Result "1/2-1/2"]
[PlyCount "88"]
[EventDate "2013.08.30"]

1. d4 d5 2. c4 e6 3. Nc3 Nf6 4. cxd5 exd5 5. Bg5 c6 6. Qc2 Be7 7. e3 Bg4 8. Bd3
Nbd7 9. f3 Bh5 10. Nge2 Bg6 11. O-O O-O 12. e4 dxe4 13. fxe4 Ng4 14. Bxe7 Qxe7
15. Qd2 Rad8 16. Qf4 Nh6 17. Rad1 Nf6 18. h3 Nd7 19. a3 f6 20. Bc4+ Bf7 21.
Bxf7+ Nxf7 22. Ng3 Nb6 23. Nf5 Qd7 24. Qg3 g6 25. Ne3 Qd6 26. Qf2 Kg7 27. Ng4
Nh6 28. Nxh6 Kxh6 29. Qe3+ Kg7 30. Rfe1 Rfe8 31. Kh1 Qe6 32. Qe2 Qc4 33. Qf2
Rd7 34. Rf1 Qe6 35. Rd3 Rf7 36. Rf3 Ref8 37. a4 Qc4 38. a5 Nd7 39. Rf4 b6 40.
axb6 axb6 41. Ra1 b5 42. Ne2 Qb4 43. Ng3 c5 44. dxc5 Qxc5 1/2-1/2

[Event "XV Open"]
[Site "Crema ITA"]
[Date "2013.08.30"]
[Round "2"]
[White "Bongiorni, Gabriele"]
[Black "Ventura, Franco"]
[WhiteElo "1806"]
[BlackElo "2091"]
[Result "1/2-1/2"]
[PlyCount "105"]
[EventDate "2013.08.30"]

1. d4 f5 2. c4 e6 3. g3 Nf6 4. Bg2 Be7 5. Nf3 O-O 6. Nc3 d6 7. Qc2 a5 8. O-O
Nc6 9. a3 e5 10. d5 Nb8 11. Ng5 Na6 12. Ne6 Bxe6 13. dxe6 Nc5 14. Be3 Nxe6 15.
Qxf5 Nd4 16. Bxd4 exd4 17. Qe6+ Kh8 18. Nd5 Nxd5 19. cxd5 Bf6 20. Rab1 Re8 21.
Qg4 Qe7 22. Qe6 Qxe6 23. dxe6 Rxe6 24. Bxb7 Rb8 25. Bf3 c5 26. Rfc1 g6 27. Kf1
Ree8 28. Bd5 Rb6 29. b3 Reb8 30. a4 Rb4 31. f4 Re8 32. Rc4 Rbb8 33. Rcc1 Kg7
34. Rd1 Re7 35. Bc4 Rbe8 36. Bb5 Rd8 37. Rbc1 Rc7 38. Rc2 Kf7 39. Kf2 Re7 40.
Rdc1 Re3 41. Rd2 h5 42. Rd3 Re7 43. Kf3 g5 44. Rc2 gxf4 45. gxf4 Bh8 46. e4 Kf6
47. Rg2 Rg7 48. Rxg7 Bxg7 49. Bc4 Bh6 50. Rd1 Rd7 51. Rg1 Rg7 52. Rxg7 Bxg7 53.
h3 1/2-1/2

[Event "XV Open"]
[Site "Crema ITA"]
[Date "2013.08.30"]
[Round "2"]
[White "Carbone, Lorenzo"]
[Black "Borboni, Paolo"]
[WhiteElo "1556"]
[BlackElo "1729"]
[Result "0-1"]
[PlyCount "84"]
[EventDate "2013.08.30"]

1. e4 e5 2. Nf3 Nc6 3. Bb5 a6 4. Ba4 Nf6 5. O-O Be7 6. Re1 b5 7. Bb3 d6 8. c3
O-O 9. h3 Na5 10. Bc2 c5 11. d4 Nd7 12. d5 Nb6 13. Nbd2 f5 14. Nf1 f4 15. b3
Rf6 16. b4 cxb4 17. cxb4 Nac4 18. N1d2 Nxd2 19. Nxd2 Qe8 20. Qf3 Bd7 21. Bb2
Rh6 22. Kf1 Rc8 23. Rac1 Nc4 24. Nxc4 Rxc4 25. a3 g5 26. Bd1 Rxc1 27. Bxc1 Qc8
28. Bd2 g4 29. Qd3 gxh3 30. g3 h2 31. Kg2 Bh3+ 32. Kh1 Bg5 33. Bf3 Bg4 34. Rc1
Qd7 35. Qc3 Kf7 36. Qd3 Ke8 37. Qc3 Kd8 38. Bxg4 Qxg4 39. Qc7+ Ke8 40. Qc8+
Qxc8 41. Rxc8+ Kd7 42. Rf8 fxg3 0-1

[Event "XV Open"]
[Site "Crema ITA"]
[Date "2013.08.30"]
[Round "2"]
[White "Castrogiovanni, Carlo"]
[Black "Ciochetta, Giovanni"]
[WhiteElo "2007"]
[BlackElo "1549"]
[Result "1/2-1/2"]
[PlyCount "75"]
[EventDate "2013.08.30"]

1. d4 Nf6 2. Nf3 e6 3. g3 b6 4. Bg2 Bb7 5. O-O d5 6. Ne5 Nbd7 7. f4 Be7 8. Nd2
O-O 9. c3 Nxe5 10. fxe5 Nd7 11. e4 c6 12. Qg4 c5 13. exd5 exd5 14. Nb3 Kh8 15.
c4 cxd4 16. Qxd4 Nc5 17. Qd1 Nxb3 18. axb3 Bc5+ 19. Kh1 Qe7 20. Bxd5 Bxd5+ 21.
Qxd5 Rad8 22. Qf3 Kg8 23. Bf4 Bd4 24. Rab1 Bxe5 25. Bxe5 Qxe5 26. Ra1 Qc7 27.
Qe2 Rd7 28. Rae1 Qc8 29. Kg2 g6 30. h4 Rfd8 31. Qf3 Rf8 32. Qf6 Qd8 33. Qc3 Rd3
34. Qe5 Rxb3 35. Re3 Rxe3 36. Qxe3 Qd7 37. Qe2 Rd8 38. b3 1/2-1/2

[Event "XV Open"]
[Site "Crema ITA"]
[Date "2013.08.30"]
[Round "2"]
[White "Cordioli, Luca"]
[Black "Corti, Massimo"]
[WhiteElo "1731"]
[BlackElo "2008"]
[Result "0-1"]
[PlyCount "72"]
[EventDate "2013.08.30"]

1. e4 e6 2. d4 d5 3. exd5 exd5 4. Bd3 Bd6 5. c3 Ne7 6. Bg5 Nbc6 7. Nf3 f6 8.
Bh4 Bg4 9. Nbd2 Qd7 10. Qc2 Bf5 11. Bg3 Bxd3 12. Qxd3 Qf5 13. Qxf5 Nxf5 14.
Bxd6 Nxd6 15. O-O-O Kf7 16. Rde1 b5 17. a3 a5 18. b4 axb4 19. axb4 Ra2 20. Kd1
Rha8 21. Ke2 R8a3 22. Rc1 Ne4 23. Rhe1 Nxc3+ 24. Kf1 Nxb4 25. Nb1 Nxb1 26.
Rxc7+ Kg6 27. Rxb1 Nd3 28. Rb7 b4 29. Nh4+ Kh5 30. Nf3 Kh6 31. Nh4 Rxf2+ 32.
Kg1 Raa2 33. Rf1 Rxf1+ 34. Kxf1 g6 35. Rb6 b3 36. Rxb3 Ra1+ 0-1

[Event "XV Open"]
[Site "Crema ITA"]
[Date "2013.08.30"]
[Round "2"]
[White "De Paoli, Emilio"]
[Black "Dragojlovic, Andjelko"]
[WhiteElo "1839"]
[BlackElo "2349"]
[Result "0-1"]
[PlyCount "78"]
[EventDate "2013.08.30"]

1. e4 c5 2. Nf3 g6 3. c3 Bg7 4. d4 cxd4 5. cxd4 d5 6. exd5 Nf6 7. Bb5+ Nbd7 8.
Nc3 O-O 9. O-O Nb6 10. Qb3 a6 11. Bd3 Nbxd5 12. Nxd5 Qxd5 13. Qxd5 Nxd5 14. Bc4
Rd8 15. Bg5 h6 16. Bxd5 hxg5 17. Bb3 Bf6 18. Ne5 Rxd4 19. Nxf7 e6 20. Nh6+ Kg7
21. Rad1 Kxh6 22. Rxd4 Bxd4 23. Rd1 e5 24. Bd5 Bg4 25. Rd3 Rd8 26. Be4 Bf5 27.
Bxf5 gxf5 28. Rh3+ Kg6 29. Rb3 b5 30. g3 Rc8 31. h4 Rc2 32. hxg5 Rxf2 33. Kh1
Kxg5 34. Ra3 Kg4 35. Rxa6 Kxg3 36. Rg6+ Kf4 37. b4 e4 38. Rd6 Be3 39. Rd1 Kg3
0-1

[Event "XV Open"]
[Site "Crema ITA"]
[Date "2013.08.30"]
[Round "2"]
[White "Ferrari, Paolo"]
[Black "Fiammetti, Gianluca"]
[WhiteElo "1700"]
[BlackElo "1467"]
[Result "1/2-1/2"]
[PlyCount "107"]
[EventDate "2013.08.30"]

1. d4 Nf6 2. c4 b6 3. Nc3 Bb7 4. Qc2 e6 5. e4 d6 6. Bg5 h6 7. Bh4 g5 8. Bg3 Nh5
9. Nf3 Bg7 10. Be2 Nxg3 11. hxg3 Nc6 12. d5 Ne5 13. Nd4 exd5 14. exd5 Qf6 15.
Nf5 O-O-O 16. Ne4 Nf3+ 17. Bxf3 Qxb2 18. Qxb2 Bxb2 19. Rb1 Be5 20. Rxh6 Rxh6
21. Nxh6 Rh8 22. Bg4+ Kb8 23. Kd2 Rxh6 24. Nxg5 Rg6 25. f4 Bf6 26. Bh5 Rg7 27.
Ne4 Bd8 28. f5 f6 29. Bg6 a6 30. a4 Kc8 31. Rh1 b5 32. axb5 axb5 33. Kc3 bxc4
34. Kxc4 Kd7 35. Rh6 c6 36. Be8+ Kc7 37. dxc6 Bxc6 38. Bxc6 Kxc6 39. Rg6 Rf7
40. Kd4 d5 41. Nc5 Bb6 42. g4 Bxc5+ 43. Kd3 Be7 44. g5 Kc5 45. gxf6 Bxf6 46. g4
Be7 47. Ke3 d4+ 48. Kf4 Kd5 49. g5 d3 50. Ke3 Rxf5 51. Kxd3 Bxg5 52. Ra6 Rf3+
53. Ke2 Re3+ 54. Kf2 1/2-1/2

[Event "XV Open"]
[Site "Crema ITA"]
[Date "2013.08.30"]
[Round "2"]
[White "Folcini, Gaddo"]
[Black "Oteri, Aldo"]
[WhiteElo "1558"]
[BlackElo "1772"]
[Result "1-0"]
[PlyCount "53"]
[EventDate "2013.08.30"]

1. e4 e6 2. d4 d5 3. e5 c5 4. c3 Nc6 5. Qg4 f5 6. Qh5+ g6 7. Qd1 Qb6 8. Nf3 Bd7
9. Be2 cxd4 10. cxd4 Bb4+ 11. Nc3 Rc8 12. O-O Bxc3 13. bxc3 Na5 14. Bd2 Nc4 15.
Bxc4 Rxc4 16. Rb1 Qc7 17. Rb4 b5 18. Qb3 Ne7 19. Rb1 a5 20. Rxb5 Bxb5 21. Qxb5+
Kf7 22. Ng5+ Kg8 23. Qe8+ Kg7 24. Qf7+ Kh6 25. Nxe6+ Kh5 26. Nxc7 Rxc7 27. Qf6
1-0

[Event "XV Open"]
[Site "Crema ITA"]
[Date "2013.08.30"]
[Round "2"]
[White "Frignani, Alessandro"]
[Black "Botta, Massimiliano"]
[WhiteElo "1387"]
[BlackElo "1632"]
[Result "0-1"]
[PlyCount "96"]
[EventDate "2013.08.30"]

1. e4 c5 2. Bc4 d6 3. Qf3 Nf6 4. Qb3 e6 5. f3 Nc6 6. Ne2 a6 7. a4 Na5 8. Qd3
Be7 9. Nbc3 O-O 10. Ba2 Nd7 11. b3 Ne5 12. Qe3 Nac6 13. Ba3 Bd7 14. h3 Nb4 15.
Bxb4 cxb4 16. Nb1 Rc8 17. d4 Qb6 18. Qd2 Bh4+ 19. Kf1 Ng6 20. g3 Bf6 21. c3 e5
22. d5 bxc3 23. Nbxc3 Bd8 24. Kg2 f5 25. Rhf1 f4 26. g4 Nh4+ 27. Kh2 Be8 28.
Nc1 h5 29. Nd3 hxg4 30. hxg4 Kf7 31. Rf2 Rh8 32. Qb2 Nxf3+ 33. Kg2 Nh4+ 34. Kf1
Bd7 35. Rh2 Bxg4 36. Nf2 Bh5 37. Rc1 Nf3 38. Rh3 Bh4 39. Bb1 g5 40. Bd3 g4 41.
Rh1 g3 42. Nfd1 Nh2+ 43. Rxh2 gxh2 44. Qxh2 Bg3 45. Qb2 Bxd1 46. Qg2 Qe3 47.
Rxd1 Rh1+ 48. Qxh1 Qf2# 0-1

[Event "XV Open"]
[Site "Crema ITA"]
[Date "2013.08.30"]
[Round "2"]
[White "Frugoni, Giulio"]
[Black "Maraschi, Alberto"]
[WhiteElo "1599"]
[BlackElo "1339"]
[Result "1-0"]
[PlyCount "71"]
[EventDate "2013.08.30"]

1. d4 c6 2. e4 d5 3. e5 Bf5 4. Nf3 e6 5. c4 Bb4+ 6. Nc3 Ne7 7. Qb3 Qb6 8. c5
Qa5 9. Bd2 O-O 10. a3 Bxc3 11. Bxc3 Qc7 12. Be2 Nd7 13. O-O b6 14. Qd1 bxc5 15.
dxc5 Nxc5 16. Bb4 Ne4 17. Rc1 c5 18. Bd3 Qb6 19. Bxe4 Bxe4 20. Bxc5 Qb7 21. Bd6
Rfe8 22. Rc7 Qb6 23. Rxe7 Qxb2 24. Rxe8+ Rxe8 25. Qc1 Qe2 26. Qf4 Bf5 27. Rc1
f6 28. h4 Qb2 29. Rc7 Qb6 30. g4 g5 31. hxg5 fxg5 32. Nxg5 Qb1+ 33. Kg2 Bg6 34.
Rf7 Be4+ 35. Nxe4 dxe4 36. Qf6 1-0

[Event "XV Open"]
[Site "Crema ITA"]
[Date "2013.08.30"]
[Round "2"]
[White "Galbiati, Antonio"]
[Black "Nordio, Giorgio"]
[WhiteElo "1410"]
[BlackElo "1666"]
[Result "0-1"]
[PlyCount "72"]
[EventDate "2013.08.30"]

1. e4 c6 2. Bc4 d5 3. Be2 dxe4 4. Nc3 Nf6 5. d3 exd3 6. Bxd3 Bg4 7. f3 Bh5 8.
Nge2 e6 9. Nf4 Bg6 10. Nxg6 hxg6 11. Bg5 Be7 12. Qe2 Nbd7 13. O-O-O Qc7 14. h3
Nd5 15. Bxe7 Nxe7 16. Be4 O-O-O 17. Rd2 Rhe8 18. Rhd1 Nd5 19. Nxd5 exd5 20. Rd4
Qf4+ 21. R1d2 dxe4 22. Rxe4 Rxe4 23. fxe4 Nf6 24. Kd1 Rxd2+ 25. Qxd2 Qxd2+ 26.
Kxd2 Nxe4+ 27. Kd3 Nf6 28. c3 Kd7 29. Kd4 Kd6 30. a4 Nh5 31. Ke4 f5+ 32. Kf3
Kd5 33. g4 fxg4+ 34. Kxg4 Kc4 35. Kg5 Kb3 36. Kxg6 Nf4+ 0-1

[Event "XV Open"]
[Site "Crema ITA"]
[Date "2013.08.30"]
[Round "2"]
[White "Giassi, Roberto"]
[Black "Pisani, Valerio"]
[WhiteElo "1470"]
[BlackElo "1706"]
[Result "0-1"]
[PlyCount "52"]
[EventDate "2013.08.30"]

1. e4 e6 2. d4 d5 3. e5 c5 4. Nf3 Nc6 5. Be2 cxd4 6. Nxd4 Nxe5 7. f4 Nc6 8. O-O
Bc5 9. c3 Qb6 10. Be3 Qxb2 11. Nd2 Qxc3 12. Rc1 Qxe3+ 13. Kh1 Qxd4 14. Qc2 Bd6
15. Nf3 Qxf4 16. Bb5 Bd7 17. Qb2 Nf6 18. Rfe1 O-O-O 19. Bxc6 Bxc6 20. Ne5 Bxe5
21. Qxe5 Qxe5 22. Rxe5 d4 23. h3 d3 24. Rd1 g5 25. Ra5 a6 26. Ra3 g4 0-1

[Event "XV Open"]
[Site "Crema ITA"]
[Date "2013.08.30"]
[Round "2"]
[White "Gobbo, Francesco"]
[Black "Rosini, Luca Ungaro"]
[WhiteElo "1967"]
[BlackElo "1527"]
[Result "1-0"]
[PlyCount "137"]
[EventDate "2013.08.30"]

1. d4 Nf6 2. c4 d6 3. Nf3 g6 4. Nc3 Bg7 5. e4 O-O 6. Be2 Nbd7 7. Be3 e5 8. d5
a5 9. O-O Ng4 10. Bg5 f6 11. Bh4 g5 12. Bg3 Nh6 13. Nd2 Nc5 14. f3 Kh8 15. b3
Ng8 16. a3 Ne7 17. b4 axb4 18. axb4 Rxa1 19. Qxa1 Nd7 20. Bf2 b6 21. Qa3 Bb7
22. Ra1 h5 23. c5 bxc5 24. bxc5 dxc5 25. Bxc5 Nxc5 26. Qxc5 Qd6 27. Nb3 Ra8 28.
Rxa8+ Bxa8 29. Nb5 Qb6 30. Qxb6 cxb6 31. Bc4 Bf8 32. d6 Nc6 33. Bd5 Na5 34.
Bxa8 Nxb3 35. Bd5 Nc5 36. Kf1 Kg7 37. Ke2 Kg6 38. g4 hxg4 39. fxg4 f5 40. exf5+
Kf6 41. Ke3 Nd7 42. h3 Nc5 43. Bc4 Nb7 44. d7 Ke7 45. Ke4 Bg7 46. Be6 Nc5+ 47.
Kd5 Nxd7 48. Bxd7 Kxd7 49. Nc3 Bf8 50. Ne4 b5 51. Nxg5 b4 52. Kc4 Kc6 53. Ne4
Kd7 54. Nd2 Ke7 55. Kd5 Kf7 56. Kxe5 Bg7+ 57. Kf4 Bc3 58. Nb3 Kf6 59. g5+ Kf7
60. h4 Kg7 61. h5 Kf7 62. h6 Bh8 63. Kg4 Bc3 64. Kh5 Bh8 65. g6+ Kf6 66. Nc5
Ke7 67. g7 Bxg7 68. hxg7 Kf7 69. Kh6 1-0

[Event "XV Open"]
[Site "Crema ITA"]
[Date "2013.08.30"]
[Round "2"]
[White "Gonella, Graziano"]
[Black "Silini, Bruno"]
[WhiteElo "1183"]
[BlackElo "1604"]
[Result "0-1"]
[PlyCount "106"]
[EventDate "2013.08.30"]

1. e4 g5 2. d4 h6 3. e5 Bg7 4. Bc4 d6 5. Qf3 e6 6. c3 dxe5 7. Be3 exd4 8. cxd4
Bxd4 9. Bxd4 Qxd4 10. Qd3 Qxb2 11. Nf3 Qxa1 12. O-O Qf6 13. Nc3 Nc6 14. Rd1 g4
15. Nd2 Ne5 16. Qe4 Ne7 17. Nb5 O-O 18. Nxc7 Rd8 19. Nxa8 Nxc4 20. Qxc4 Rxd2
21. Rxd2 Qa1+ 22. Qf1 Qxf1+ 23. Kxf1 Nd5 24. Rc2 Bd7 25. Nc7 Bc6 26. g3 Nxc7
27. a3 Nd5 28. Ke2 Bb5+ 29. Kd2 a6 30. Rc8+ Kg7 31. Rd8 Kf6 32. Rc8 Nb6 33. Rc1
Nc4+ 34. Kc3 Nxa3 35. Kb4 Nc4 36. Rh1 Ne5 37. h3 Nd3+ 38. Ka5 Kg5 39. hxg4 Nxf2
40. Rf1 Nxg4 41. Rxf7 Bc6 42. Rf4 e5 43. Rf1 e4 44. Re1 e3 45. Kb4 Bf3 46. Ka5
e2 47. Kb6 Ne5 48. Ka5 Nd3 49. Rb1 e1=Q+ 50. Rxe1 Nxe1 51. Kb4 Kg4 52. Kc3 Kxg3
53. Kd2 Kf2 0-1

[Event "XV Open"]
[Site "Crema ITA"]
[Date "2013.08.30"]
[Round "2"]
[White "Guasconi, Lelio"]
[Black "Impellizzeri, Francesco"]
[WhiteElo "1595"]
[BlackElo "1872"]
[Result "0-1"]
[PlyCount "140"]
[EventDate "2013.08.30"]

1. d4 d5 2. Nf3 Nf6 3. Bg5 Nbd7 4. e3 Ne4 5. Bh4 h6 6. Bd3 g5 7. Bg3 Nxg3 8.
fxg3 Nf6 9. Ne5 Bg7 10. c4 c6 11. O-O O-O 12. c5 Nd7 13. Ng4 e5 14. Nxh6+ Bxh6
15. Qh5 e4 16. Bxe4 dxe4 17. Qxh6 Qe7 18. h4 f6 19. hxg5 Qg7 20. Qxg7+ Kxg7 21.
gxf6+ Nxf6 22. Rf4 Be6 23. Nd2 Bd5 24. g4 Rae8 25. b3 a5 26. a3 Nh7 27. g3 Ng5
28. b4 Nh3+ 29. Kg2 Nxf4+ 30. gxf4 axb4 31. axb4 Ra8 32. Rxa8 Rxa8 33. Nf1 Ra2+
34. Kh3 Ra3 35. g5 Bc4 36. Ng3 Rxe3 37. Kh4 Rf3 38. f5 Rf4+ 39. Kh3 Bf1+ 40.
Kh2 Rh4+ 41. Kg1 Bd3 42. Kf2 Rh2+ 43. Ke3 Rh3 44. Kf4 e3 45. Kg4 Rh2 46. Nh5+
Kh8 47. Nf4 Bc2 48. Kf3 Bxf5 49. Kxe3 Rb2 50. Nh5 Rxb4 51. Nf6 Kg7 52. Kf4 Kg6
53. Ke5 Kxg5 54. Ne8 Rb2 55. Kd6 Bg6 56. Ng7 Kf6 57. Ne6 Bf7 58. Nd8 Bg8 59.
Kc7 Ke7 60. Nxb7 Rxb7+ 61. Kxb7 Bd5 62. Kb6 Ke6 63. Ka5 Kf5 64. Kb4 Ke4 65. Kc3
Ke3 66. Kb4 Kxd4 67. Ka3 Kxc5 68. Kb2 Kb4 69. Kc2 c5 70. Kc1 Kc3 0-1

[Event "XV Open"]
[Site "Crema ITA"]
[Date "2013.08.30"]
[Round "2"]
[White "Maffeis, Fabio"]
[Black "Biava, Pierluigi"]
[WhiteElo "1446"]
[BlackElo "1681"]
[Result "1-0"]
[PlyCount "117"]
[EventDate "2013.08.30"]

1. d4 Nf6 2. c4 e6 3. Nc3 d5 4. Nf3 Be7 5. Bf4 c6 6. e3 Nbd7 7. cxd5 exd5 8.
Bd3 O-O 9. O-O Re8 10. Rc1 Nf8 11. Qc2 Nh5 12. Be5 f6 13. Bg3 Nxg3 14. hxg3 g6
15. Kh2 f5 16. Ne5 Nd7 17. Ne2 Nxe5 18. dxe5 Kg7 19. f4 Rh8 20. Rh1 h5 21. Kg1
Qb6 22. Kf2 Bd7 23. a3 a5 24. Qc3 Be6 25. Nd4 Kf7 26. Nxe6 Kxe6 27. Rhd1 Rhc8
28. Be2 a4 29. Qd4 Qxd4 30. exd4 c5 31. dxc5 Rxc5 32. Rxc5 Bxc5+ 33. Kf1 Ra5
34. Rc1 b6 35. Rc2 Kd7 36. Bf3 Ke6 37. Ke2 Ra8 38. Rd2 Rd8 39. Kf1 g5 40. Bxh5
Rh8 41. Bf3 Rh1+ 42. Ke2 gxf4 43. gxf4 d4 44. g4 Rh2+ 45. Kd1 Rxd2+ 46. Kxd2
fxg4 47. Bxg4+ Kd5 48. e6 Be7 49. f5 Kc4 50. Bd1 b5 51. Bc2 Bg5+ 52. Ke2 Be7
53. Kf3 d3 54. Bd1 Kd4 55. Kf4 Bf6 56. Kg4 Ke3 57. Kh5 Kd2 58. Bg4 Kc2 59. Kg6
1-0

[Event "XV Open"]
[Site "Crema ITA"]
[Date "2013.08.30"]
[Round "2"]
[White "Marchesotti, Giovanni"]
[Black "Losi, Paolo"]
[WhiteElo "1540"]
[BlackElo "1728"]
[Result "1/2-1/2"]
[PlyCount "115"]
[EventDate "2013.08.30"]

1. b3 e5 2. Bb2 Nc6 3. c4 Bc5 4. e3 d6 5. Nc3 Nf6 6. Na4 a6 7. Nxc5 dxc5 8. d3
O-O 9. Be2 Re8 10. Nf3 e4 11. dxe4 Qxd1+ 12. Rxd1 Nxe4 13. O-O Bg4 14. h3 Bxf3
15. Bxf3 Rad8 16. Rxd8 Nxd8 17. Bxe4 Rxe4 18. Rd1 Re8 19. Rd7 Ne6 20. Be5 Nf8
21. Rxc7 Rxe5 22. Rxb7 Re6 23. Rc7 Rd6 24. Rxc5 Rd1+ 25. Kh2 Rd2 26. Ra5 Rd6
27. Rd5 Rxd5 28. cxd5 Nd7 29. e4 f6 30. Kg3 Kf7 31. Kf4 Ke7 32. Ke3 Kd6 33. Kd4
g5 34. g3 h5 35. f4 h4 36. gxh4 gxh4 37. b4 Kc7 38. e5 Nf8 39. exf6 Kd6 40. f5
Nd7 41. f7 Ke7 42. d6+ Kxd6 43. a4 Ke7 44. b5 a5 45. Kd5 Nb6+ 46. Kc6 Nxa4 47.
Kb7 Nc3 48. Ka6 a4 49. b6 Ne4 50. Ka5 Nd6 51. Kxa4 Kxf7 52. Kb4 Kf6 53. Kc5 Ke5
54. f6 Nb7+ 55. Kc6 Na5+ 56. Kb5 Nb7 57. Kc6 Na5+ 58. Kb5 1/2-1/2

[Event "XV Open"]
[Site "Crema ITA"]
[Date "2013.08.30"]
[Round "2"]
[White "Marzatico, Luca"]
[Black "Madaschi, Sergio"]
[WhiteElo "1713"]
[BlackElo "1493"]
[Result "1-0"]
[PlyCount "89"]
[EventDate "2013.08.30"]

1. e4 c5 2. c3 Nc6 3. d4 e6 4. Nf3 Qc7 5. Be3 cxd4 6. cxd4 Nf6 7. Nc3 Bb4 8.
Bd3 O-O 9. h3 d6 10. O-O a6 11. Rc1 Bd7 12. Bg5 Ne8 13. d5 Ne5 14. Be7 Nxd3 15.
Qxd3 Bb5 16. Nxb5 Qxe7 17. Nbd4 e5 18. Nf5 Qd7 19. Rc2 Nf6 20. Rfc1 Bc5 21.
Nxe5 dxe5 22. Rxc5 g6 23. Ne3 Rac8 24. f3 Nh5 25. Ng4 Rxc5 26. Rxc5 f6 27. Qc2
Nf4 28. Kh2 h5 29. Ne3 Qd6 30. Rc8 Qd7 31. Rc7 Qd6 32. Rxb7 h4 33. Qc7 Qxc7 34.
Rxc7 Nd3 35. b3 Ra8 36. Ng4 Rf8 37. d6 f5 38. Nh6+ Kh8 39. d7 fxe4 40. Rc8 Kg7
41. fxe4 Rd8 42. Rxd8 Nc5 43. Rg8+ Kxh6 44. d8=Q Nxe4 45. Qxh4# 1-0

[Event "XV Open"]
[Site "Crema ITA"]
[Date "2013.08.30"]
[Round "2"]
[White "Mussap, Angelo"]
[Black "Cecchini, Massimo S."]
[WhiteElo "2053"]
[BlackElo "1777"]
[Result "1-0"]
[PlyCount "111"]
[EventDate "2013.08.30"]

1. e4 c6 2. Nf3 d5 3. exd5 cxd5 4. d4 Nf6 5. h3 e6 6. Bd3 Be7 7. O-O O-O 8. Nc3
b6 9. Bf4 Ba6 10. Nb5 Bxb5 11. Bxb5 a6 12. Bd3 Nbd7 13. Qe2 b5 14. c3 Qb6 15.
a3 Rfe8 16. Rfe1 Nf8 17. Ne5 Ng6 18. Bh2 Rad8 19. Kh1 Nd7 20. f4 Ngxe5 21. fxe5
g6 22. Rf1 Kg7 23. Qf3 Rf8 24. Qe3 f6 25. Bf4 g5 26. exf6+ Bxf6 27. Bxg5 Kh8
28. Bxf6+ Rxf6 29. Rxf6 Nxf6 30. Qe5 Rf8 31. Rf1 Qd8 32. Qxe6 Nh5 33. Qe5+ Ng7
34. Rxf8+ Qxf8 35. Qxd5 Qe7 36. Qe4 Qxe4 37. Bxe4 Ne6 38. Bb7 Nc7 39. d5 a5 40.
Bc6 b4 41. axb4 axb4 42. cxb4 Kg7 43. b5 Kf6 44. d6 Ne6 45. b6 Nd8 46. Bf3 Ke6
47. b7 Nxb7 48. Bxb7 Kxd6 49. Kg1 Kc5 50. g4 h6 51. h4 Kd4 52. g5 hxg5 53. hxg5
Ke5 54. g6 Kf6 55. Be4 Ke6 56. Kf2 1-0

[Event "XV Open"]
[Site "Crema ITA"]
[Date "2013.08.30"]
[Round "2"]
[White "Palma, Maria"]
[Black "Fantina, Carla"]
[WhiteElo "1646"]
[BlackElo "1425"]
[Result "1-0"]
[PlyCount "149"]
[EventDate "2013.08.30"]

1. e4 d6 2. d4 Nf6 3. Nc3 g6 4. Nf3 Bg7 5. Be3 O-O 6. Bc4 Nxe4 7. Nxe4 d5 8.
Bd3 dxe4 9. Bxe4 c6 10. O-O Nd7 11. Qd2 Nf6 12. Bd3 Ng4 13. Rfe1 Nxe3 14. Qxe3
e6 15. Ne5 Qb6 16. b3 a6 17. c3 Qc7 18. Rad1 b5 19. Nxc6 Bb7 20. Ne5 Qxc3 21.
Rc1 Qa5 22. Rc2 Bd5 23. Rec1 Rad8 24. Be4 Bxe5 25. dxe5 Qb4 26. Bxd5 Rxd5 27.
Rc5 Qd2 28. Qxd2 Rxd2 29. a4 Rfd8 30. Kf1 bxa4 31. bxa4 Ra2 32. Rc8 Rxc8 33.
Rxc8+ Kg7 34. Rc4 a5 35. g3 h5 36. Kg2 Kh6 37. Rf4 Kg7 38. Rc4 g5 39. h3 Kg6
40. g4 h4 41. Kf3 Ra3+ 42. Kg2 f6 43. Rc6 fxe5 44. Rxe6+ Kf7 45. Rxe5 Rxa4 46.
Rxg5 Kf6 47. Rh5 Kg6 48. Rxh4 Kg5 49. Rh5+ Kg6 50. Rd5 Ra2 51. h4 a4 52. h5+
Kh6 53. Rd6+ Kg5 54. h6 Kxg4 55. h7 Rb2 56. h8=Q a3 57. Qxb2 axb2 58. Rb6 Kf4
59. Rxb2 Ke4 60. Rb5 Kf4 61. Rb4+ Kf5 62. Kf3 Ke5 63. Rh4 Kf5 64. Rh5+ Kg6 65.
Rb5 Kf6 66. Ke4 Kg6 67. Kf4 Kf6 68. Rb6+ Kg7 69. Kf5 Kf7 70. Rb7+ Ke8 71. Ke6
Kf8 72. Ra7 Kg8 73. Kf6 Kh8 74. Kg6 Kg8 75. Ra8# 1-0

[Event "XV Open"]
[Site "Crema ITA"]
[Date "2013.08.30"]
[Round "2"]
[White "Poletti, Guido"]
[Black "Blengino, Cristiano"]
[WhiteElo "1311"]
[BlackElo "1911"]
[Result "0-1"]
[PlyCount "110"]
[EventDate "2013.08.30"]

1. Nf3 Nf6 2. a3 c5 3. c4 g6 4. Nc3 Bg7 5. e3 d5 6. Be2 O-O 7. O-O d4 8. Na2
Nc6 9. d3 Qd6 10. exd4 Nxd4 11. Nxd4 cxd4 12. b4 Bd7 13. Bg5 Rad8 14. Nc1 e5
15. Bxf6 Bxf6 16. Bf3 b6 17. Nb3 Bc6 18. Nd2 Bg7 19. Re1 f5 20. Bxc6 Qxc6 21.
b5 Qb7 22. Qf3 Qc7 23. Qg3 Rfe8 24. h3 Qd6 25. Kf1 Re7 26. f3 Rde8 27. Ra2 Bh6
28. Nb3 Qf6 29. Rae2 e4 30. fxe4 fxe4+ 31. Rf2 Qe5 32. Qxe5 Rxe5 33. Rxe4 Rxe4
34. dxe4 Rxe4 35. Re2 Be3 36. Nd2 Rf4+ 37. Nf3 Rf5 38. Ke1 Rc5 39. Rc2 Rc8 40.
Kd1 Kf7 41. Ne5+ Ke6 42. Nd3 Kf5 43. Re2 Rxc4 44. g4+ Ke4 45. Nf2+ Kf3 46. Ke1
Rc1+ 47. Nd1 Ra1 48. h4 Rxa3 49. h5 gxh5 50. gxh5 Rb3 51. Rb2 Rxb2 52. Nxb2 Kg4
53. h6 Bxh6 54. Ke2 Bg7 55. Kd3 h5 0-1

[Event "XV Open"]
[Site "Crema ITA"]
[Date "2013.08.30"]
[Round "2"]
[White "Poletto, Daniele"]
[Black "Tirelli, Mauro"]
[WhiteElo "1744"]
[BlackElo "2038"]
[Result "0-1"]
[PlyCount "58"]
[EventDate "2013.08.30"]

1. c4 b6 2. Nf3 Bb7 3. g3 Bxf3 4. exf3 c5 5. Bg2 Nc6 6. f4 g6 7. Nc3 Bg7 8. d3
Nh6 9. a3 Nf5 10. Bd2 h5 11. h4 O-O 12. O-O e6 13. Rb1 a5 14. b4 axb4 15. axb4
Nxb4 16. Bxa8 Qxa8 17. Nb5 Nxd3 18. Bc3 Qe4 19. Bxg7 Kxg7 20. Rb3 Nb4 21. Qa1+
Kg8 22. Qc3 d5 23. Re1 Qc2 24. Qxc2 Nxc2 25. Rc1 Nb4 26. cxd5 exd5 27. Na3 Re8
28. Nc2 Nxc2 29. Rxc2 Nd4 0-1

[Event "XV Open"]
[Site "Crema ITA"]
[Date "2013.08.30"]
[Round "2"]
[White "Raimondi, Celso"]
[Black "Colonetti, Fabio"]
[WhiteElo "1670"]
[BlackElo "1434"]
[Result "1/2-1/2"]
[PlyCount "82"]
[EventDate "2013.08.30"]

1. d4 f5 2. g3 Nf6 3. Bg2 e6 4. Nh3 d5 5. Nf4 Be7 6. Nd2 O-O 7. Nf3 Ne4 8. c3
c5 9. e3 Nc6 10. Nd3 Bd6 11. Nd2 c4 12. Nf4 Bxf4 13. exf4 Nxd2 14. Bxd2 Bd7 15.
O-O Be8 16. Re1 Bf7 17. Bf3 Re8 18. Re3 Qd7 19. Bh5 Bxh5 20. Qxh5 g6 21. Qg5
Qe7 22. h4 Qxg5 23. hxg5 a5 24. Rae1 Nd8 25. Kg2 a4 26. a3 Ra6 27. Re5 Rd6 28.
Kf3 Nf7 29. R5e3 Kg7 30. g4 Rb6 31. Bc1 Rd6 32. gxf5 gxf5 33. Rh1 Rh8 34. Kg2
Re8 35. Reh3 Rh8 36. f3 Rb6 37. Kg3 Rc6 38. R3h2 Rd6 39. Re2 Rb6 40. Rhe1 Re8
41. Kh4 Kg6 1/2-1/2

[Event "XV Open"]
[Site "Crema ITA"]
[Date "2013.08.30"]
[Round "2"]
[White "Ranfagni, Stefano"]
[Black "Adami, Antonio"]
[WhiteElo "2038"]
[BlackElo "1754"]
[Result "1-0"]
[PlyCount "49"]
[EventDate "2013.08.30"]

1. e4 Nf6 2. Nc3 d5 3. e5 Ne4 4. d4 Bf5 5. Bd3 Nxc3 6. bxc3 Bxd3 7. Qxd3 c6 8.
Be3 Qa5 9. Bc1 e6 10. Ne2 Be7 11. Qg3 Rg8 12. O-O Nd7 13. Bd2 c5 14. Rfb1 Qc7
15. a4 Rb8 16. c4 dxc4 17. d5 Nxe5 18. Bf4 Bd6 19. dxe6 f6 20. Nc3 Be7 21. Nb5
Qc6 22. Bxe5 fxe5 23. Qxe5 Rd8 24. Qh5+ g6 25. Qxh7 1-0